Un código civil perdido en Los Andes.

Na minha lista:
Detalhes bibliográficos
Autor principal: Jordán Quiroga, Augusto (autor)
Formato: Livro
Publicado em: La Paz, Bolivia: Fundación Hanns-Seidel; Fundemos, 1998.
Edição:Primera edición
Colecção:Opiniones y Análisis.
Assuntos:
Tags: Adicionar Tag
Sem tags, seja o primeiro a adicionar uma tag!

MARC

LEADER 00000nam a22000007a 4500
003 CL-VaPUC
005 20220822114709.0
008 220722t1988 ||||| |||| 00| 0 eng d
999 |c 437439  |d 437437 
040 |c Pontificia Universidad Católica de Valparaíso 
082 7 |a 346.84 JOR 1998  |2 22 
100 1 |a Jordán Quiroga, Augusto  |e autor  |9 873693 
245 |a Un código civil perdido en Los Andes. 
250 |a Primera edición 
260 |a La Paz, Bolivia:  |b Fundación Hanns-Seidel;  |b Fundemos,  |c 1998. 
300 |a 300 páginas. 
490 |a Opiniones y Análisis. 
500 |a c.1 Donación Familia Prof. Alejandro Guzmán Brito. 
583 |c 20220722  |k Catalogador Asistente 
650 |a Código civil   |z Bolivia  |9 873720 
942 |2 ddc  |c BK  |n 0 
952 |0 0  |1 0  |2 ddc  |4 0  |6 346_840000000000000_JOR_1998  |7 0  |8 C_AGB  |9 585206  |a BIBDER  |b BIBDER  |d 2022-07-22  |e Donación  |i 5653296  |o 346.84 JOR 1998  |p 5653296  |r 2023-01-25  |t 1  |w 2022-07-22  |y BK_US  |k AGB